00401nam a2200145Ia 4500008004100000041000800041082001600049100001200065245009600077250000900173260002500182300000800207365001600215700002400231230718s9999 xx 000 0 und d aeng a658.15bPOS aPost P. aEmily Post the Etiguette Advantage In Business :bPersonal Skills For Proffessional Success a2nd  c2005bHarper Collins a366 cRs.b678.00 aPost P. & Post P.